00479nam a22001572 4500001001100000005001700011008004100028020002600069040001500095100003300110245006800143250001200211260004800223300001800271650003200289000000918420151217152050.0080910s xx 000 0 eng d a8120331600 :cKES 600 aKABUcKABU1 aChatterji, A. K.@000016026810aIntroduction to environmental biotechnology /cA. K. Chatterji. a2nd ed. aNew Delhi :bPrentice-Hall of India,c2007. axvii, 197 p. 0aBioremediation.@0000121510